书目信息 |
| 题名: |
中国治沙启示录
|
|
| 作者: | 卢琦 , 卢琦 编著 | |
| 分册: | ||
| 出版信息: | 北京 科学出版社 2004.08 |
|
| 页数: | 306, [22]页 | |
| 开本: | 24cm | |
| 丛书名: | 华夏英才基金学术文库 | |
| 单 册: | ||
| 中图分类: | P942.073 , S288 | |
| 科图分类: | ||
| 主题词: | 沙漠治理--研究--中国 , 农田基本建设 , 农垦 | |
| 电子资源: | ||
| ISBN: | 7-03-012729-3 | |
| 000 | 00876nam2 2200301 45 | |
| 001 | 012004000000 | |
| 005 | 20050112144327.16 | |
| 010 | @a7-03-012729-3@dCNY 55.00 | |
| 100 | @a20041220d2004 em y0chiy0121 ea | |
| 101 | 0 | @achi |
| 102 | @aCN@b110000 | |
| 105 | @aak z 000yy | |
| 200 | 1 | @a中国治沙启示录@Azhong guo zhi sha qi shi lu@f卢琦等编著@Flu qi deng bian zhu |
| 210 | @a北京@c科学出版社@d2004.08 | |
| 215 | @a306, [22]页@c图, 表格@d24cm | |
| 225 | 2 | @a华夏英才基金学术文库 |
| 304 | @a本书其他编著: 杨有林, 王森, 刘拓 | |
| 410 | 0 | @12001 @a华夏英才基金学术文库 |
| 517 | 1 | @a華夏英才基金学術文庫 |
| 606 | 0 | @a沙漠治理@x研究@y中国 |
| 606 | 0 | @a农田基本建设 |
| 606 | 0 | @a农垦 |
| 690 | @aP942.073@v4 | |
| 690 | @aS288@v3 | |
| 701 | 0 | @a卢琦@Alu qi@4编著 |
| 701 | 0 | @a卢琦@Alu qi@4编著 |
| 801 | 0 | @aCN@bQSSKxf@c20050112 |
| 905 | @a10447@dS288@eL787 | |
| 中国治沙启示录/卢琦等编著.-北京:科学出版社,2004.08 |
| 306, [22]页:图, 表格;24cm.-(华夏英才基金学术文库) |
| ISBN 7-03-012729-3:CNY 55.00 |
| ● |
| 相关链接 |
|
|
|
正题名:中国治沙启示录
索取号:S288/L787
 
预约/预借
| 序号 | 登录号 | 条形码 | 馆藏地/架位号 | 状态 | 备注 |
| 1 | 436517 | 204365178 | 自科库401/401自科库 67排1列5层/ [索取号:S288/L787] | 在馆 | |
| 2 | 436518 | 204365187 | 自科库401/401自科库 67排1列5层/ [索取号:S288/L787] | 在馆 |